Monetary theory / (Record no. 125635)
[ view plain ]
| 000 -LEADER | |
|---|---|
| fixed length control field | 00735nam a22002657a 4500 |
| 003 - CONTROL NUMBER IDENTIFIER | |
| control field | 0 |
| 005 - DATE AND TIME OF LATEST TRANSACTION | |
| control field | 20180722161242.0 |
| 008 - FIXED-LENGTH DATA ELEMENTS--GENERAL INFORMATION | |
| fixed length control field | 0 |
| 010 ## - LIBRARY OF CONGRESS CONTROL NUMBER | |
| LC control number | A-409991 |
| 020 ## - INTERNATIONAL STANDARD BOOK NUMBER | |
| Terms of availability | 00.00 |
| 035 ## - SYSTEM CONTROL NUMBER | |
| System control number | A-409991, A-409995 |
| 037 ## - SOURCE OF ACQUISITION | |
| Source of stock number/acquisition | Cen Lib/Ret |
| 040 ## - CATALOGING SOURCE | |
| Original cataloging agency | DPL |
| Language of cataloging | EN |
| Transcribing agency | 0 |
| 082 ## - DEWEY DECIMAL CLASSIFICATION NUMBER | |
| Classification number | 332.401 |
| Item number | SIN |
| 100 ## - MAIN ENTRY--PERSONAL NAME | |
| Personal name | Singh,Preeti |
| 9 (RLIN) | 14234 |
| 245 ## - TITLE STATEMENT | |
| Title | Monetary theory / |
| Statement of responsibility, etc | by Preeti Singh [and] Reena Marwah |
| 260 ## - PUBLICATION, DISTRIBUTION, ETC. (IMPRINT) | |
| Place of publication, distribution, etc | New Delhi |
| Name of publisher, distributor, etc | Tata McGraw-Hill publishing |
| Date of publication, distribution, etc | 1992 |
| 270 ## - ADDRESS | |
| Address | 4/12,Asaf Ali road |
| City | New Delhi |
| Postal code | 110002 |
| 300 ## - PHYSICAL DESCRIPTION | |
| Extent | xii,346p. |
| Dimensions | 23cm(Hb) |
| 500 ## - GENERAL NOTE | |
| General note | Includes index |
| 650 ## - SUBJECT ADDED ENTRY--TOPICAL TERM | |
| Topical term or geographic name as entry element | Economics |
| 9 (RLIN) | 15009 |
| 650 ## - SUBJECT ADDED ENTRY--TOPICAL TERM | |
| Topical term or geographic name as entry element | Monetary policy |
| 9 (RLIN) | 12455 |
| 700 ## - ADDED ENTRY--PERSONAL NAME | |
| 9 (RLIN) | 14831 |
| Personal name | Marwah,Reena |
| 942 ## - ADDED ENTRY ELEMENTS (KOHA) | |
| Source of classification or shelving scheme | Dewey Decimal Classification |
| Koha item type | English Books |
| Classification part | 332.401 |
| Call number suffix | SIN |
| Withdrawn status | Lost status | Damaged status | Not for loan | Home library | Current library | Date acquired | Source of acquisition | Cost, normal purchase price | Total Checkouts | Full call number | Barcode | Date last seen | Copy number | Cost, replacement price | Price effective from | Koha item type | Source of classification or shelving scheme | Collection code |
|---|---|---|---|---|---|---|---|---|---|---|---|---|---|---|---|---|---|---|
| Central Library | Central Library | 22/06/2015 | Cen Lib/Ret | 0.00 | 332.401 SIN | A-409991 | 22/06/2015 | 1 | 0.00 | 22/06/2015 | English Books | |||||||
| Central Library | Central Library | 09/11/2016 | Cen Lib/Ret | 0.00 | 332.401 SIN | A-409992 | 09/11/2016 | 2 | 0.00 | 09/11/2016 | English Books | Dewey Decimal Classification | ||||||
| Patel Nagar | Patel Nagar | 22/07/2018 | BPPD/Pub | 0.00 | 332.401 SIN | A-409995 | 22/07/2018 | 0.00 | 22/07/2018 | English Books | Dewey Decimal Classification | Non-fiction |
